000 01151nam a2200181Ia 4500
999 _c8428
_d8428
005 20250306164030.0
008 230621s9999 xx 000 0 und d
040 _aUPAN
_cBiblioteca San Vicente
_eRCAA2
041 _aspa
082 _a352.43
_bO353n
_c2004
110 _aOficina de la contraloria General de los Estados Unidos.
_4ed.
245 0 _aNormas de auditoria Gubernamental./
_cOficina de la contraloría General de los Estados Unidos.
260 _aEl Salvador:
_bUSAID,
_c2004
300 _a239 p.;
_c21 cm.
505 _aNormas de Autoritaria Gubernamental. Capitulo 1: Introducción. Capitulo 2: Tipos de auditorías gubernamentales y certificaciones. Capitulo 3: Normas generales. Capitulo 4: Normas de trabajo de campo para las auditorías financieras. Capitulo 5: Normas para los informes de auditoria financiera. Capitulo 6: Normas Generales de trabajo de campo y presentación de los informes de certificación. Capitulo 7: Normas de trabajo de campo en las auditorías de rendimiento. Capitulo 8: Normas para la presentación de informes de auditoría de rendimiento.
600 _2LEMB
_aAuditoria.
_xNormas
942 _cBK
_2ddc